LEADER 02422nam 2200601 a 450 001 9910458214003321 005 20200520144314.0 010 $a600-00-3601-9 010 $a1-282-79817-0 010 $a9786612798177 010 $a1-4416-6400-9 035 $a(CKB)2560000000015657 035 $a(EBL)3011577 035 $a(SSID)ssj0000671628 035 $a(PQKBManifestationID)11367825 035 $a(PQKBTitleCode)TC0000671628 035 $a(PQKBWorkID)10625110 035 $a(PQKB)10863805 035 $a(MiAaPQ)EBC3011577 035 $a(Au-PeEL)EBL3011577 035 $a(CaPaEBR)ebr10417645 035 $a(CaONFJC)MIL279817 035 $a(OCoLC)923634792 035 $a(EXLCZ)992560000000015657 100 $a20101214g20092010 uy 0 101 0 $aeng 135 $aur|n|---||||| 181 $ctxt 182 $cc 183 $acr 200 10$aPlant anatomy and embryology of angiosperms$b[electronic resource] /$fSingh, Pande, Jain 205 $a1st ed. 210 $aMeerut, India $cGlobal Media$d2009-2010 215 $a1 online resource (338 p.) 300 $aDescription based upon print version of record. 311 $a81-7133-723-6 327 $a""COVER ""; ""Contents""; ""ANATOMY""; ""The Plant Body""; ""The Cell""; ""Cell Division""; ""Meristems""; ""Permanent Tissues""; ""Root : Primary and Secondary Sttucture ""; ""Stem : Primary and Secondary Structure ""; ""Stem : Anomalous Structures ""; ""Root : Stem Transition""; ""Leaf : Morphology and Anatomy ""; ""Objective Type Questions""; ""EMBRYOLOGY""; ""Introduction""; ""Life-Cycle of Angiosperms""; ""Microsporangium, Microsporogenesis and Male Gametophyte ""; ""Megasporangium, Megasporogenesis and Female Gametophyte ""; ""Pollination""; ""Fertilization""; ""Endosperm"" 327 $a""Embryogenesis""""Polyembryony""; ""Apomixis""; ""Experimental Embryology""; ""Embryology in Relation to Taxonomy""; ""Objective Questions"" 606 $aPlant anatomy 606 $aAngiosperms$xEmbryology 608 $aElectronic books. 615 0$aPlant anatomy. 615 0$aAngiosperms$xEmbryology. 700 $aSingh$b V$047916 701 $aPande$b P. C$0886398 701 $aJain$b D. K$0886399 801 0$bMiAaPQ 801 1$bMiAaPQ 801 2$bMiAaPQ 906 $aBOOK 912 $a9910458214003321 996 $aPlant anatomy and embryology of angiosperms$91990357 997 $aUNINA LEADER 01067cam a22002538a 4500 001 991003416529707536 008 070117s20082008mauaaa c 001 0 eng d 020 $a9789004164086 035 $ab13687852-39ule_inst 040 $aDip.to Beni Culturali$bita 100 1 $aMadigan, Brian Christopher$0627974 245 10$aCorinthian and attic vases in the Detroit Institute of Arts :$bgeometric, black-figure, and red-figure /$cby Brian Madigan 260 $aBoston :$bBrill,$c2008 300 $a80 p., [64] p. di tav. :$bill. ;$c29 cm. 440 0$aMonumenta Graeca et Romana ;$v12 610 20$aDetroit Institute of Arts$vCatalogo 650 4$aVasi greci$vCatalogo 650 4$aVasi$zMichigan$zDetroit$vCatalogo 907 $a.b13687852$b25-06-08$c27-02-08 912 $a991003416529707536 945 $aLE001 AR IX 106/12$g1$i2001000166718$lle001$op$pE148.80$q-$rl$s- $t0$u0$v0$w0$x0$y.i14680701$z27-02-08 996 $aCorinthian and attic vases in the Detroit Institute of Arts$91229564 997 $aUNISALENTO 998 $ale001$b27-02-08$cm$da $e-$feng$gmau$h0$i0